000 01090nam a2200337 a 4500
003 AR-BaBNM
005 20251128203530.0
008 082120s2002 ||||||||||||||000 | spa||
040 _cAR-BaBNM
100 1 _aDavis, Kingsley
245 0 0 _aLa sociedad humana
_n2
250 _a4ª ed.
260 _aBuenos Aires
_bEudeba
_c1978
300 _avii, p. 423-706
490 0 _aManuales
500 _aApéndice 1: El mito del análisis funcional como método especial de la sociología y la antropología: p. 629-656
500 _aApéndice 2: Estructura social y fertilidad: un marco de referencia analítico: p. 657-692
500 _aIndice alfabético: p. 693-706
504 _aContiene bibliografía al final de cada capítulo
650 4 _aSOCIOLOGIA
650 4 _aCIENCIA Y TECNOLOGIA
650 4 _aRELIGION
650 4 _aDEMOGRAFIA
650 4 _aCAMBIO SOCIAL
650 4 _aINSTITUCIONES POLITICAS
650 4 _aINSTITUCIONES RELIGIOSAS
700 1 _aMazía, Floreal
_etraductor
700 1 _aReilly de Fayard, Mireya
_erevisión
942 _cBK
998 _cSILVI
999 _c3818
_d3818